F1 2018 Line-ups - Statistiques

Statistiques générales
  • Ce quiz a été pris 64 fois
  • Le résultat moyen est 16 sur 20
Statistiques - réponses
Team Nationality Driver % Correct
Mercedes-AMG Petronas Motorsport United Kingdom Lewis Hamilton
100%
Netherlands Max Verstappen
100%
Scuderia Ferrari Germany Sebastian Vettel
98%
Monaco Charles Leclerc
96%
France Esteban Ocon
96%
Finland Kimi Raïkkönen
96%
Red Bull Toro Rosso Honda France Pierre Gasly
96%
Finland Valtteri Bottas
96%
Sahara Force India Formula One Team Mexico Sergio Perez
94%
Aston Martin Red Bull Racing Australia Daniel Ricciardo
91%
Haas F1 Team France Romain Grosjean
91%
Spain Carlos Sainz Jr.
89%
Spain Fernando Alonso
89%
Renault Sport Formula One Team Germany Nico Hülkenberg
89%
Denmark Kevin Magnussen
83%
Williams Martini Racing Canada Lance Stroll
83%
Alfa Romeo Sauber F1 Team Sweden Marcus Ericsson
47%
McLaren F1 Team Belgium Stoffel Vandoorne
47%
New Zealand Brendon Hartley
30%
Russia Sergey Sirotkin
28%
Aucun quiz correspondant
Distribution des résultats
% des personnes avec chaque résultat
Percentile par nombre de réponses
Votre historique - résultats
Vous n’avez pas pris ce quiz